The norton field guide to writing

Gespeichert in:
Bibliographische Detailangaben
Format: Buch
Veröffentlicht: 2006
Tags: Tag hinzufügen
Keine Tags, Fügen Sie den ersten Tag hinzu!
Thư viện lưu trữ: Mạng thư viện Đại học Đà Nẵng
LEADER 00444nam a22001811a 4500
001 000038465
003 14760
005 20160412021315.0
008 160412s2006 000
082 |a 4A(07)2582 
245 |a The norton field guide to writing  |c Richard Bullock 
260 |c 2006 
OWN |a LNN 
999 |a From the UDN01 
TYP |a Monograph 
980 |a Mạng thư viện Đại học Đà Nẵng